• 首页
  • 本馆介绍
  • 公告通知
  • 最新文献
  • 馆藏检索
  • 电子资源
  • 读者导购
  • 参考咨询
  • 我的图书馆
  • 登录
  • 详细信息显示
  • 放入我的书架
  • 预约/预借图书
  • 作者相关作品
  • 分类相关作品
  • 丛书相关作品
  • 出版社相关作品

书目信息

  • 表格格式
  • 工作单格式
  • 卡片格式
题名:
最后一片叶
    
 
作者: 亨利 著 ;徐翰林 译
分册:  
出版信息: 北京   中国对外翻译出版公司  2004
页数: 193页
开本: 17×18cm
丛书名: 先知双语经典
单 册:
中图分类: H319.4:I712.44
科图分类:
主题词: 短篇小说--美国--近代--选集 , 英语--汉语--对照读物
电子资源:
ISBN: 7-5001-1271-8
000 01252nam0 2200373 450
000 01215nam0 2200361 450
000 01195nam0 2200361 450
000 01158nam0 2200349 450
000 01176nam0 2200337 450
000 01139nam0 2200325 45
001 TS2006023325
005 20061209171102.57
010    @a7-5001-1271-8@dCNY16.80
092    @aCN@bTS01-025952
100    @a20060829d2004 em y0chiy0120 ea
101 2  @achi@aeng@ceng
102    @aCN@b110000
105    @aa z 000ay
200 1  @a最后一片叶@AZui Hou Yi Pian Ye@dThe Last Leaf@f(美)欧·亨利著@F( Mei ) Ou· Heng Li Zhu@g徐翰林译@zeng
210    @a北京@c中国对外翻译出版公司@d2004
215    @a193页@c插图@d17×18cm
225 2  @a先知双语经典@v08
300    @a流传最广泛的短篇小说集
410  0 @12001 @a先知双语经典
510 1  @aThe Last Leaf@zeng
606 0  @a短篇小说@y美国@z近代@x选集
606 0  @a英语@x汉语@x对照读物
690    @aH319.4:I712.44@v4
701  0 @c(美)@a亨利@AHeng Li@b欧@c(O. Henry@f1862.9~1910.6)@4著
702  0 @a徐翰林@AXu Han Lin@4译
801  0 @aCN@b中图数据@c20061209
905    @a10447@dH319.4:I712.44@e1115
    
    最后一片叶=The Last Leaf/(美)欧·亨利著/徐翰林译.-北京:中国对外翻译出版公司,2004
    193页:插图;17×18cm.-(先知双语经典;08)
    流传最广泛的短篇小说集
    
    ISBN 7-5001-1271-8:CNY16.80
    
●
相关链接 在E读中查询图书 在五车中查询图书 在当当中查询图书 在豆瓣中查询图书


正题名:最后一片叶     索取号:H319.4:I712.44/1115         预约/预借

序号 登录号 条形码 馆藏地/架位号 状态 备注
1 0600171   206001716   第二样本阅览室/ [索取号:H319.4:I712.44/1115] 在馆    
2 0600172   206001725   第四借阅区/ [索取号:H319.4:I712.44/1115] 在馆    
3 0600173   206001734   第四借阅区/ [索取号:H319.4:I712.44/1115] 在馆    
4 0600174   206001743   第四借阅区/ [索取号:H319.4:I712.44/1115] 在馆    
5 0600175   206001752   第四借阅区/ [索取号:H319.4:I712.44/1115] 在馆    
唐山师范学院图书馆 欢迎您!
大连网信软件有限公司© 版权所有